[Event "MTO"]
[Site "Biel SUI"]
[Date "2001.07.24"]
[Round "2"]
[White "Prasad,D"]
[Black "Milov,V"]
[Result "0-1"]
[WhiteElo "2440"]
[BlackElo "2614"]

1.e4 c5 2.Nf3 Nc6 3.d4 cxd4 4.Nxd4 Qb6 5.Nb3 Nf6 6.Nc3 e6 7.Qe2 Bb4 8.Bd2 O-O
9.a3 Bxc3 10.Bxc3 e5 11.O-O-O Rd8 12.h3 d6 13.f4 Be6 14.Nd2 Rac8 15.f5 Ba2
16.Qb5 Qc7 17.Qe2 d5 18.exd5 Nd4 19.Qf2 Rxd5 20.g4 Rc5 21.Qg3 Qe7  0-1

[Event "MTO"]
[Site "Biel SUI"]
[Date "2001.07.25"]
[Round "3"]
[White "Milov,V"]
[Black "Solak,D"]
[Result "1/2-1/2"]
[WhiteElo "2614"]
[BlackElo "2486"]

1.d4 d6 2.e4 Nf6 3.Nc3 g6 4.g3 Bg7 5.Bg2 O-O 6.Nge2 e5 7.h3 Nc6 8.Be3 exd4
9.Nxd4 Bd7 10.O-O Re8 11.Re1 a6 12.f4 Rb8 13.Qd2 Na5 14.Qd3 b5 15.b4 Nc4
16.Bf2 Qc8 17.Kh2 Nb2 18.Qf3 c5 19.bxc5 dxc5 20.Nb3 Ng4+ 21.hxg4 Bxg4 22.Qe3 Nc4
23.Qd3 Nb2  1/2-1/2

[Event "MTO"]
[Site "Biel SUI"]
[Date "2001.07.26"]
[Round "4"]
[White "Arizmendi Martinez,J"]
[Black "Milov,V"]
[Result "1-0"]
[WhiteElo "2495"]
[BlackElo "2614"]

1.e4 c5 2.Nf3 Nc6 3.Nc3 d6 4.d4 cxd4 5.Nxd4 Nf6 6.f3 Qb6 7.Nb3 e6 8.Qe2 a6
9.g4 h6 10.Be3 Qc7 11.O-O-O b5 12.Kb1 Be7 13.h4 Ne5 14.Qg2 Nfd7 15.f4 Nc4
16.Bxc4 bxc4 17.Nd4 Rb8 18.g5 Qa5 19.Nc6 Qxc3 20.Bc1 Rb6 21.Ka1 Qxc2 22.Qxc2 Rxc6
23.Bd2 h5 24.Bb4 a5 25.Bxa5 O-O 26.Bb4 e5 27.f5 Bb7 28.f6 gxf6 29.Qe2 Rb6
30.Rdg1 f5 31.Qxh5 Ra8 32.g6  1-0

[Event "MTO"]
[Site "Biel SUI"]
[Date "2001.07.27"]
[Round "5"]
[White "Milov,V"]
[Black "Masserey,Y"]
[Result "1-0"]
[WhiteElo "2614"]
[BlackElo "2374"]

1.d4 Nf6 2.c4 e6 3.Nc3 Bb4 4.e3 O-O 5.Bd3 d5 6.a3 Bxc3+ 7.bxc3 dxc4 8.Bxc4 e5
9.Ne2 c5 10.O-O Qc7 11.d5 Ne4 12.Bd3 Nd6 13.e4 Qe7 14.c4 Nd7 15.Nc3 Re8 16.a4 a5
17.Rb1 b6 18.Qc2 Rb8 19.g3 Nf8 20.f4 f6 21.f5 g5 22.Nd1 Bd7 23.Ne3 Qg7 24.Qd1 h6
25.Rf2 Rb7 26.Rg2 Nh7 27.h4 Reb8 28.Kf2 Be8 29.Bd2 Qd7 30.Bc2 Qg7 31.Qe2 Rc8
32.Rh1 Rcc7 33.Rgh2 Qf8 34.hxg5 hxg5 35.Ng4 Rg7 36.Ke1 Rbc7 37.Rh6 Qe7 38.Bxg5  1-0

[Event "MTO"]
[Site "Biel SUI"]
[Date "2001.07.31"]
[Round "8"]
[White "Riazantsev,A"]
[Black "Milov,V"]
[Result "0-1"]
[WhiteElo "2509"]
[BlackElo "2614"]

1.d4 Nf6 2.c4 e6 3.Nf3 d5 4.e3 a6 5.Nc3 Nbd7 6.b3 b6 7.Bb2 Bb7 8.Bd3 Ne4
9.O-O Bd6 10.Ne2 O-O 11.Rc1 dxc4 12.bxc4 f5 13.Ng3 Ndf6 14.Qe2 Qe8 15.Ne5 Nxg3
16.hxg3 Ne4 17.Bxe4 Bxe4 18.Nf3 b5 19.Ng5 Qg6 20.Nxe4 fxe4 21.cxb5 axb5 22.Qxb5 Rf5
23.Qb7 Raf8 24.Qxe4 Bxg3 25.Qxf5 Rxf5 26.fxg3 Qxg3 27.Rc3 Rh5 28.Rf2 Qh2+
29.Kf1 Qh1+ 30.Ke2 Qb1 31.Bc1 Qxa2+ 32.Bd2 Qa6+ 33.Rd3 h6 34.e4 e5 35.Bc3 exd4
36.Bxd4 Rh4 37.Ke3 Qg6 38.e5 Rg4 39.Kd2 Rxg2  0-1

[Event "MTO"]
[Site "Biel SUI"]
[Date "2001.08.02"]
[Round "10"]
[White "Milov,V"]
[Black "Kobalija,M"]
[Result "0-1"]
[WhiteElo "2614"]
[BlackElo "2595"]

1.d4 d5 2.c4 c6 3.Nc3 Nf6 4.e3 a6 5.Qc2 g6 6.Bd3 Bg7 7.Nf3 Bg4 8.Ne5 Be6
9.c5 Nbd7 10.Nxd7 Nxd7 11.b4 O-O 12.O-O f6 13.e4 dxe4 14.Nxe4 h6 15.Re1 Bf7
16.Ng3 f5 17.Bxf5 gxf5 18.Nxf5 Bg6 19.Qb3+ Kh7 20.Nxg7 Kxg7 21.Qe3 Nf6 22.Qxh6+ Kf7
23.Bf4 Qxd4 24.h3 Rh8 25.Rxe7+ Kxe7 26.Qg7+ Ke6 27.Re1+ Be4 28.Bg5 Rag8 29.Bxf6 Rxg7
30.Bxd4 Rxg2+ 31.Kf1 Rh4  0-1

[Event "MTO"]
[Site "Biel SUI"]
[Date "2001.08.03"]
[Round "11"]
[White "Milov,V"]
[Black "Ramesh,R"]
[Result "1/2-1/2"]
[WhiteElo "2614"]
[BlackElo "2445"]

1.d4 Nf6 2.c4 Nc6 3.Nc3 e5 4.d5 Ne7 5.e4 Ng6 6.h4 h5 7.g3 Bc5 8.Bd3 a6 9.Qe2 d6
10.Bg5 c6 11.a3 Ne7 12.Rc1 cxd5 13.cxd5 Bd7 14.Kf1 Ng4 15.Nh3 Qb6 16.Nd1 f6
17.Bd2 f5 18.Kg2 O-O 19.Bg5 fxe4 20.Bxe4 Nf5 21.b4 Bd4 22.f3 Nf6 23.Bxf6 Rxf6
24.Ng5 a5 25.Rb1 axb4  1/2-1/2

[Event "Rapidplay"]
[Site "Villarrobledo ESP"]
[Date "2001.08.18"]
[Round "4"]
[White "Milov,V"]
[Black "Gofshtein,Z"]
[Result "1-0"]
[WhiteElo "2614"]
[BlackElo "2518"]

1.d4 e6 2.c4 Bb4+ 3.Bd2 a5 4.Nc3 d6 5.Nf3 Nf6 6.Bg5 h6 7.Bh4 g5 8.Bg3 Ne4
9.Qc2 f5 10.e3 Nd7 11.Bd3 Ndf6 12.Nd2 Bxc3 13.bxc3 Nxd2 14.Qxd2 Qe7 15.f3 Bd7
16.c5 e5 17.cxd6 cxd6 18.O-O O-O 19.Rab1 e4 20.fxe4 Nxe4 21.Bxe4 fxe4 22.Rxf8+ Rxf8
23.Rxb7 Qf6 24.h3 Be6 25.d5 Bc8 26.Rc7 Qf1+ 27.Kh2 Qd3 28.Qb2 Bf5 29.c4 Rf7
30.Qb8+ Rf8 31.Qb6  1-0

[Event "Rapidplay"]
[Site "Villarrobledo ESP"]
[Date "2001.08.18"]
[Round "5"]
[White "Ljubojevic,L"]
[Black "Milov,V"]
[Result "1-0"]
[WhiteElo "2548"]
[BlackElo "2614"]

1.d4 Nf6 2.Nf3 d5 3.c4 e6 4.Nc3 Bb4 5.Qa4+ Nc6 6.Bg5 h6 7.Bxf6 Qxf6 8.e3 O-O
9.Qb3 dxc4 10.Bxc4 Bd6 11.Bb5 Ne7 12.O-O Ng6 13.Ne4 Qe7 14.Bd3 b6 15.Nxd6 cxd6
16.d5 e5 17.Bxg6 fxg6 18.Nd2 g5 19.Rac1 Ba6 20.Rfe1 e4 21.f3 exf3 22.Nxf3 g4
23.Nd4 Qf6 24.Qd1 Qf2+ 25.Kh1 Rac8 26.Nc6 Rce8 27.Nb4 Bc8 28.Nd3 Qf6 29.Qd2 Qh4
30.Kg1 g3 31.hxg3 Qxg3 32.Nf4 Bf5 33.Rc7 Rc8 34.Nh5 Qxe1+ 35.Qxe1 Rxc7 36.Qg3 Rd7
37.Nf4 Rf6 38.Nh5 Rg6 39.Qf4 Rf7 40.Qd4 Rg4 41.Qc3 Kh7 42.Nf4 g5 43.Nd3 Be4
44.Ne1 Bg6 45.Qc6 Re4 46.Qxd6 Rxe3 47.Nf3 Rfe7 48.Qf6 Rf7 49.Qd6 Rfe7 50.Qf6 g4
51.Nh4 Bd3 52.Nf5 Bxf5 53.Qxf5+ Kg7 54.Qxg4+ Kf6 55.Qf4+ Kg6 56.d6 Re1+ 57.Kh2 R7e4
58.Qg3+ Kh7 59.Qd3 Re3 60.Qc2 Kg7 61.d7 Rd4 62.Qc7 Kg6 63.d8=Q Rxd8 64.Qxd8 Re6
65.Qd7 Rf6 66.Qxa7 Kg5 67.Qe7 Kg6 68.a4 Rf5 69.Qe6+ Rf6 70.Qxf6+ Kxf6 71.b4 Ke5
72.Kg3 Kd4 73.a5 bxa5 74.bxa5 Ke5  1-0

[Event "Rapidplay"]
[Site "Villarrobledo ESP"]
[Date "2001.08.19"]
[Round "6"]
[White "Milov,V"]
[Black "Oratovsky,M"]
[Result "1-0"]
[WhiteElo "2614"]
[BlackElo "2493"]

1.d4 d6 2.Nf3 Nf6 3.c4 g6 4.Nc3 Nbd7 5.Bg5 Bg7 6.e3 O-O 7.Be2 c6 8.O-O h6
9.Bh4 g5 10.Bg3 Nh5 11.Qc2 f5 12.Bd3 e5 13.Bxf5 Nxg3 14.hxg3 exd4 15.Nxd4 Ne5
16.Bxc8 Qxc8 17.Ne4 Qd7 18.Rad1 Rad8 19.c5 d5 20.Nd6 Ng4 21.N4f5 Be5 22.e4 Qh7
23.Qe2 h5 24.Qd2 Kh8 25.Qxg5 Rg8 26.Qe7 Rd7 27.Qxh7+ Rxh7 28.exd5 Bxb2 29.Rb1 Ba3
30.Nxb7 cxd5 31.Rb3 Rxb7 32.Rxb7 Bxc5 33.Rb5 Rc8 34.Ne3 Bxe3 35.fxe3 Nxe3
36.Rfb1 Rc4 37.R5b4 Rc2 38.R4b2 Rc6 39.Rd2 a6 40.Rb3 Rc1+ 41.Kf2 Ng4+ 42.Ke2 Nf6
43.Rb7 Ne4 44.Rdb2 Nxg3+ 45.Kf3 Ne4 46.Rd7 Rf1+ 47.Ke3 Rf8 48.Rxd5 Nf6 49.Rd6 a5
50.Ra6 Nd5+ 51.Kd4 Nb4 52.Rh6+ Kg7 53.Rxh5 Rd8+ 54.Ke4 Re8+ 55.Kf3 Nc6 56.Kg3 Re3+
57.Kf4 Ra3 58.Rg5+ Kf6 59.Rg3 Ra4+ 60.Kf3 Ne5+ 61.Ke2 Kf5 62.Rc2 Kf4 63.Rg8 Re4+
64.Kd2 Rd4+ 65.Kc3 Rc4+ 66.Kb2 Nd3+ 67.Kb3 Rb4+ 68.Kc3 Nc5 69.Rf8+ Ke5 70.Re8+ Kd6
71.Kd2 Ne4+ 72.Ke3 Nf6 73.Rd8+ Ke5 74.Ra8 Nd5+ 75.Kf2 a4 76.Ra5 Rf4+ 77.Kg3  1-0

[Event "Rapidplay"]
[Site "Villarrobledo ESP"]
[Date "2001.08.19"]
[Round "7"]
[White "Kurajica,B"]
[Black "Milov,V"]
[Result "1/2-1/2"]
[WhiteElo "2566"]
[BlackElo "2614"]

1.d4 Nf6 2.Nf3 g6 3.g3 Bg7 4.Bg2 O-O 5.O-O d6 6.c4 Nc6 7.Nc3 a6 8.Bg5 h6
9.Bd2 e5 10.d5 Ne7 11.Qc1 Kh7 12.Ne1 Nfg8 13.e4 f5 14.Nd3 fxe4 15.Nxe4 c6
16.Bb4 Nf5 17.Qd2 cxd5 18.cxd5 Nf6 19.Nxf6+ Qxf6 20.Bc3 Qd8 21.Rae1 Bd7 22.f4 exf4
23.Bxg7 Nxg7 24.Nxf4 Qb6+ 25.Kh1 Rae8 26.Rxe8 Rxe8 27.Qc3 Bf5 28.h3 Qe3 29.Qxe3 Rxe3
30.g4 Be4 31.Rc1 g5 32.Bxe4+ Rxe4 33.Nh5 Kg6 34.Ng3 Rd4 35.Rc7 Rxd5 36.Rxb7 Rd3
37.Kh2 h5 38.gxh5+ Nxh5 39.Nxh5 Kxh5 40.Rh7+ Kg6 41.Ra7 Kf5 42.Rxa6 Rd2+  1/2-1/2

[Event "Rapidplay"]
[Site "Villarrobledo ESP"]
[Date "2001.08.19"]
[Round "8"]
[White "Milov,V"]
[Black "Agrest,E"]
[Result "1/2-1/2"]
[WhiteElo "2614"]
[BlackElo "2529"]

1.d4 d6 2.e4 Nf6 3.Nc3 g6 4.g3 Bg7 5.Bg2 O-O 6.Nge2 Nbd7 7.h3 Rb8 8.a4 c5
9.O-O b6 10.Bg5 a6 11.Qd2 Bb7 12.Bh6 Bxh6 13.Qxh6 cxd4 14.Nxd4 Nc5 15.Rfe1 e5
16.Nf3 Ncxe4 17.Nxe4 Bxe4 18.Ng5 Bxg2 19.Kxg2 Re8 20.Re4 Qe7 21.Rh4 Qf8 22.Nxh7 Qxh6
23.Nxf6+ Kg7 24.Nxe8+ Rxe8 25.Rxh6 Kxh6 26.Rd1 Rd8 27.Rd5 Kg7 28.c4 Kf6 29.Rd3 Ke7
30.Rb3 Rc8 31.Rxb6 Rxc4 32.b3 Rc3 33.h4 f5 34.b4 Rb3 35.a5 e4 36.Kf1 Rb2
37.Rxa6 Rxb4 38.Ra8 Ra4 39.a6 Kf6 40.a7 Kg7 41.Ke2 Ra3 42.Rd8  1/2-1/2

[Event "21st Open"]
[Site "Bratto ITA"]
[Date "2001.08.22"]
[Round "1"]
[White "Milov,V"]
[Black "Valenti,G"]
[Result "1-0"]
[WhiteElo "2614"]
[BlackElo "2201"]

1.d4 Nf6 2.c4 e6 3.Nc3 Bb4 4.e3 c5 5.Bd3 Nc6 6.a3 Bxc3+ 7.bxc3 d5 8.cxd5 exd5
9.Ne2 O-O 10.O-O Re8 11.f3 Be6 12.Ra2 Rc8 13.Nf4 Qd7 14.g4 Qd6 15.g5 Nd7
16.Rg2 Ne7 17.h4 cxd4 18.cxd4 Bf5 19.h5 Nf8 20.e4 dxe4 21.fxe4 Qxd4+ 22.Kh2 Bd7
23.Bb2 Qb6 24.Qf3 Be6 25.Bb1 Nd7 26.Kh1 Qb3 27.Qf2 Nc6 28.g6 fxg6 29.hxg6 h6
30.Nxe6  1-0

[Event "21st Open"]
[Site "Bratto ITA"]
[Date "2001.08.23"]
[Round "2"]
[White "Mantovani,R"]
[Black "Milov,V"]
[Result "0-1"]
[WhiteElo "2372"]
[BlackElo "2614"]

1.b3 e5 2.Bb2 d6 3.d4 exd4 4.Qxd4 Nc6 5.Qd2 Nf6 6.c4 d5 7.cxd5 Bb4 8.Nc3 Nxd5
9.a3 Bxc3 10.Bxc3 Nxc3 11.Qxc3 O-O 12.Nf3 Bg4 13.e3 Re8 14.Be2 Qd6 15.O-O Ne5
16.Rfd1 Qf6 17.Qxc7 Nxf3+ 18.Bxf3 Bxf3 19.gxf3 Qxf3 20.Rac1 h6 21.Rd4 Re6
22.Rf4 Rg6+ 23.Kf1 Qh3+ 24.Ke1 Qe6 25.Qxb7 Rd8 26.Ke2 a5 27.Rcc4 Rg1 28.Rfd4 Rf8
29.Qd5 Qh3 30.Rd1 Rxd1 31.Qxd1 Qh5+ 32.Ke1 Qxh2 33.Qd5 Qg1+ 34.Ke2 Qb1 35.Ra4 Rb8
36.Rxa5 Rxb3 37.Kf3 Rb2 38.Kg2 Qg6+ 39.Kf3 Qc2 40.Ra8+ Kh7  0-1

[Event "21st Open"]
[Site "Bratto ITA"]
[Date "2001.08.24"]
[Round "3"]
[White "Milov,V"]
[Black "Borgo,G"]
[Result "1/2-1/2"]
[WhiteElo "2614"]
[BlackElo "2428"]

1.d4 d5 2.c4 e6 3.Nf3 Nf6 4.Bg5 Nbd7 5.cxd5 exd5 6.Nc3 c6 7.e3 Be7 8.Bd3 Nh5
9.Bxe7 Qxe7 10.O-O O-O 11.Qb1 g6 12.b4 a6 13.a4 Nb6 14.b5 axb5 15.axb5 Rxa1
16.Qxa1 c5 17.dxc5 Qxc5 18.Rc1 Bg4 19.Na4 Qd6 20.Nxb6 Qxb6 21.Qe5 Bxf3 22.gxf3 Nf6
23.Qc7 Qxc7 24.Rxc7 Rb8 25.e4 dxe4 26.fxe4 Ne8 27.Rd7 Nf6 28.Rd6 Nh5 29.f3 Nf4
30.Bf1 Kf8 31.Rb6 Ne6 32.Bc4 Nd8 33.h4 Rc8 34.Bd5 Ke7 35.Kf2 Rc7 36.Kg3 Rd7
37.Kf4 f6 38.Bg8 Kf8 39.Bc4 Ke7 40.h5 gxh5 41.Kf5 Nf7 42.Bxf7 Kxf7 43.Rxf6+ Kg7
44.e5 h4 45.Kg4 Rd5 46.Rb6 Rxe5 47.Rxb7+ Kf6 48.b6 Rb5 49.Rxh7 Rb4+ 50.Kh3 Kg6
51.Rb7 Rb3 52.Rb8 Rxf3+ 53.Kxh4 Rb3 54.Kg4 Kf6 55.b7 Kg7  1/2-1/2

[Event "21st Open"]
[Site "Bratto ITA"]
[Date "2001.08.25"]
[Round "4"]
[White "Sarno,S"]
[Black "Milov,V"]
[Result "0-1"]
[WhiteElo "2400"]
[BlackElo "2614"]

1.c4 Nf6 2.Nf3 g6 3.g3 Bg7 4.Bg2 O-O 5.O-O d6 6.Nc3 Nc6 7.Rb1 a5 8.d3 Nh5
9.a3 f5 10.Ng5 Kh8 11.f4 e5 12.Nd5 exf4 13.gxf4 Nd4 14.b4 axb4 15.axb4 c6
16.Nc3 Ne6 17.Nxe6 Bxe6 18.Qd2 d5 19.cxd5 cxd5 20.d4 Nf6 21.Bb2 Qb6 22.e3 Qxb4
23.Ba1 Qe7 24.Rb5 Rfd8 25.Rfb1 Rd7 26.Nd1 Ne4 27.Qb4 Qf7 28.Bc3 Bf8 29.Qb3 Ra7
30.Bb4 Rc7 31.Rb6 Bxb4 32.Qxb4 Bd7 33.Bxe4 fxe4 34.Qd6 Bh3 35.Nf2 Bf5 36.Qd8+ Kg7
37.Qb8 Ra3 38.Rxb7 Rac3 39.Rxc7 Rxc7 40.Qd8 Qd7 41.Qxd7+ Bxd7 42.Rb3 Kf7
43.Kg2 Ke7 44.Kg3 Rc1 45.Kg2 Re1 46.h3 h5 47.h4 Kd6 48.Kg3 Ba4 49.Ra3 Bb5
50.Kg2 Bc4 51.Rc3 Re2 52.Kg1 Bd3 53.Rb3 Rxe3 54.Rb6+ Kd7 55.Rxg6 Bc4 56.Rg7+ Kc6
57.Rg6+ Kb5 58.Rg5 Re1+ 59.Kg2 e3 60.Ne4 e2 61.Nc3+ Kb4 62.Nxd5+ Kb3 63.Re5 Rc1
64.Re3+ Ka2  0-1

[Event "21st Open"]
[Site "Bratto ITA"]
[Date "2001.08.27"]
[Round "6"]
[White "Drazic,S"]
[Black "Milov,V"]
[Result "1/2-1/2"]
[WhiteElo "2480"]
[BlackElo "2614"]

1.e4 c5 2.Nf3 Nc6 3.Bb5 e6 4.Bxc6 bxc6 5.d3 Qc7 6.O-O d6 7.Re1 e5 8.c3 Bg4
9.Nbd2 Be7 10.h3 Bh5 11.d4 cxd4 12.cxd4 exd4 13.Qa4 Qd7 14.Qxd4 f6 15.b3 Nh6
16.Bb2 Rd8 17.Rac1 Bf7 18.Qc3 c5 19.Nc4 O-O 20.Rcd1 Rfe8 21.Bc1 Bxc4 22.Qxc4+ Nf7
23.Bf4 Bf8 24.Qd5 Qe6 25.Nd2 Qxd5 26.exd5 Rxe1+ 27.Rxe1 Ne5 28.Re4 Nd3 29.a3 f5
30.Ra4 Nxf4 31.Rxf4 Re8 32.Kf1 Re5  1/2-1/2

[Event "21st Open"]
[Site "Bratto ITA"]
[Date "2001.08.28"]
[Round "7"]
[White "Milov,V"]
[Black "Bellini,F"]
[Result "1/2-1/2"]
[WhiteElo "2614"]
[BlackElo "2499"]

1.d4 g6 2.c4 Bg7 3.Nf3 d6 4.Nc3 Bg4 5.g3 Bxf3 6.exf3 c6 7.d5 Nf6 8.Bh3 O-O
9.O-O a6 10.a4 a5 11.Re1 Na6 12.f4 Nc5 13.Be3 Nfe4 14.Nxe4 Nxe4 15.Bd4 Bxd4
16.Qxd4 Nc5 17.Re3 f5 18.Bg2 Qc7 19.Qc3 Rae8 20.b4 axb4 21.Qxb4 e6 22.a5 cxd5
23.cxd5 e5 24.fxe5 Rxe5 25.Rxe5 Nd3 26.Qa3 Nxe5 27.Rc1 Qb8 28.h3 Nd7 29.h4 Nc5
30.h5 Qd8 31.hxg6  1/2-1/2

[Event "Open"]
[Site "Andorra AND"]
[Date "2001.08.30"]
[Round "1"]
[White "Milov,V"]
[Black "Marin,L"]
[Result "1-0"]
[WhiteElo "2605"]
[BlackElo "2191"]

1.d4 d5 2.c4 c6 3.Nc3 Nf6 4.e3 a6 5.Qc2 e6 6.Nf3 Be7 7.e4 dxe4 8.Nxe4 Nbd7
9.Bd3 Nxe4 10.Bxe4 e5 11.dxe5 Nxe5 12.Nxe5 Qa5+ 13.Bd2 Qxe5 14.Bc3 Qg5 15.O-O Be6
16.f4 Qc5+ 17.Kh1 Bxc4 18.b4 Qb6 19.Rfe1 Rd8 20.Bxg7 Rg8 21.Bh6 Rd6 22.Bg5 Be6
23.Bxe7 Kxe7 24.Bxh7 Rg7 25.f5 Rxh7 26.f6+ Kxf6 27.Qxh7 Ke7 28.Rad1 Qxb4
29.Rb1 Qd2 30.Rxb7+ Rd7 31.Qh4+ Kd6 32.Rbb1 Kc7 33.Qg3+ Qd6 34.Qc3 c5 35.Qa5+ Kc8
36.Rb6 Qd5 37.Rxa6 Rb7 38.Ra8+ Rb8 39.Rxb8+ Kxb8 40.Rb1+ Kc8 41.Qa7 Qe5 42.Qb7+  1-0

[Event "1st Chess Week"]
[Site "Winterthur SUI"]
[Date "2001.10.06"]
[Round "2"]
[White "Milov,V"]
[Black "Haas,C"]
[Result "1-0"]
[WhiteElo "2602"]
[BlackElo "2247"]

1.d4 d5 2.c4 c6 3.Nc3 Nf6 4.e3 Bg4 5.f3 Bf5 6.g4 Be6 7.g5 Nfd7 8.Nge2 f6
9.cxd5 cxd5 10.Nf4 Bf7 11.Bh3 e5 12.Ne6 Bxe6 13.Bxe6 Nc6 14.dxe5 Nc5 15.Bxd5 Nxe5
16.O-O Qd7 17.f4 Ned3 18.a3 a5 19.Qe2 fxg5 20.fxg5 Ra6 21.e4 Nxc1 22.Raxc1 Ne6
23.Nb5 Bd6 24.e5 Bb8 25.Qc4 Rf8 26.Qc8+ Qxc8 27.Rxc8+  1-0

[Event "1st Chess Week"]
[Site "Winterthur SUI"]
[Date "2001.10.08"]
[Round "4"]
[White "Milov,V"]
[Black "Hochstrasser,M"]
[Result "1-0"]
[WhiteElo "2602"]
[BlackElo "2305"]

1.d4 Nf6 2.c4 g6 3.Nc3 Bg7 4.e4 d6 5.Be2 O-O 6.Bg5 c5 7.d5 b5 8.cxb5 a6 9.a4 Qa5
10.Bd2 Qb4 11.Bd3 c4 12.Be2 Nfd7 13.Nf3 Nc5 14.O-O Nb3 15.Rb1 Bg4 16.Bg5 Re8
17.Nd2 Bxe2 18.Qxe2 axb5 19.Nxb3 Qxb3 20.axb5 Nd7 21.Be3 Reb8 22.Qd2 Nb6
23.Bd4 Na4 24.Bxg7 Kxg7 25.Qd4+ Kg8 26.h4 Qb4 27.Rfc1 Qc5 28.Qxc5 Nxc5 29.Ra1 Nb3
30.Rxa8 Rxa8 31.Rd1 h5 32.f3 Ra5 33.Kf2 Nc5 34.Ke3 Nb3 35.f4 Kg7 36.Re1 Na1
37.Re2 Nb3 38.e5 f5 39.exd6 exd6 40.Kf2 Nc5 41.Re7+ Kf6 42.Re8 Ne4+ 43.Ke3 Nxc3
44.bxc3 Rxb5 45.Re6+ Kf7 46.Rxd6 Rb2 47.Rc6 Rxg2 48.Rxc4 Rg4 49.Rc7+ Ke8
50.c4 Rxh4 51.Rg7  1-0

[Event "1st Chess Week"]
[Site "Winterthur SUI"]
[Date "2001.10.10"]
[Round "6"]
[White "Milov,V"]
[Black "Fierz,M"]
[Result "1-0"]
[WhiteElo "2602"]
[BlackElo "2223"]

1.d4 d5 2.c4 c6 3.Nc3 Nf6 4.e3 a6 5.Qc2 g6 6.Bd3 Bg7 7.Nf3 O-O 8.O-O Nbd7
9.Bd2 dxc4 10.Bxc4 c5 11.Rfd1 b5 12.Be2 cxd4 13.Nxd4 Bb7 14.Qb3 Qb6 15.a4 b4
16.a5 Qa7 17.Qxb4 Rab8 18.Qxe7 Rfe8 19.Qa3  1-0

[Event "1st Chess Week"]
[Site "Winterthur SUI"]
[Date "2001.10.11"]
[Round "7"]
[White "Czebe,A"]
[Black "Milov,V"]
[Result "0-1"]
[WhiteElo "2491"]
[BlackElo "2602"]

1.e4 c5 2.Nf3 e6 3.Nc3 a6 4.d4 cxd4 5.Nxd4 d6 6.Be2 b5 7.a4 b4 8.Na2 Nf6
9.Bf3 e5 10.Nb3 Nc6 11.O-O Be7 12.Be3 O-O 13.Qd2 a5 14.c4 bxc3 15.Nxc3 Be6
16.Nd5 Bxd5 17.exd5 Nb4 18.g3 Rb8 19.Bg2 Ng4 20.Ba7 Ra8 21.h3 Nh2 22.Kxh2 Rxa7
23.Rfc1 Bg5 24.f4 exf4 25.gxf4 Bf6 26.Rc4 Rb7 27.Nd4 Bxd4 28.Qxd4 Qh4 29.Rac1 Re7
30.R1c3 Re2 31.Rc8 Qf2 32.Rxf8+ Kxf8 33.Rc8+ Ke7 34.Rc7+ Ke8 35.Rc8+ Kd7
36.Qxf2 Rxf2 37.Ra8 Nd3 38.Kg3 Rxf4 39.Rxa5 h5 40.Ra7+ Kc8 41.a5 h4+ 42.Kh2 Nxb2
43.a6 Nd3 44.Kg1 Ne5 45.Bf1 Rb4 46.Re7 Kb8 47.Be2 g5 48.Bh5 Ra4 49.Rb7+ Ka8
50.Rb6 Ka7 51.Rxd6 Rxa6 52.Rd8 f6 53.Be2 Rb6 54.Kf2 Kb7 55.Rf8 Kc7 56.Ke3 Kd7
57.Kd4 Rb2 58.Ba6 Ke7 59.Rh8 Rd2+ 60.Ke4 Rf2 61.Bc8 Rf4+ 62.Ke3 Nc4+ 63.Ke2 Kd6
64.Be6 Ke5 65.Ra8 Rd4 66.Re8 Nd6 67.Rf8 Ra4 68.Kf3 f5 69.Rg8 Ra3+ 70.Ke2 Ne4
71.Rf8 Nf6 72.Bc8 Ra2+ 73.Kd3 Ra4 74.Rf7 Rd4+ 75.Ke2 Rxd5 76.Ra7 Rc5 77.Ra8 Nd5
78.Bd7 Nf4+ 79.Ke3 Rc3+ 80.Kf2 Nxh3+ 81.Kf1 Rc5 82.Rf8 Kf4  0-1

[Event "1st Chess Week"]
[Site "Winterthur SUI"]
[Date "2001.10.12"]
[Round "8"]
[White "Milov,V"]
[Black "Pikula,D"]
[Result "1/2-1/2"]
[WhiteElo "2602"]
[BlackElo "2450"]

1.d4 d6 2.g3 e5 3.dxe5 dxe5 4.Qxd8+ Kxd8 5.Nc3 Bb4 6.Bd2 Be6 7.a3 Be7 8.O-O-O Nd7
9.f4 Nh6 10.e4 Bg4 11.Be2 Bxe2 12.Ngxe2 Ng4 13.Rdf1 Bc5 14.Rf3 Re8 15.h3 Ngf6
16.Re1 c6 17.g4 exf4 18.Nxf4 Ne5 19.Rff1 Nfd7 20.Nd3 Bd6 21.Ne2 Kc7 22.Nd4 Rad8
23.Nf5 Bf8 24.Bf4 Kc8 25.Rd1 f6 26.Rf2 Nf7 27.Ng3 Nc5 28.Be3 Nd7 29.Bd2 Nc5
30.Be3 Nd7 31.Bd2 Nc5 32.Nxc5 Bxc5 33.Re2 g6 34.Rf1 Re6 35.Ree1 Bd6 36.Ne2 Be5
37.Nf4 Bxf4 38.Rxf4 Rde8 39.Ref1 Nd6 40.Rxf6 Rxf6 41.Rxf6 Nxe4 42.Rf7 Nxd2
43.Kxd2 Rd8+ 44.Ke3 Rd7 45.Rxd7 Kxd7 46.Kf4 Ke6 47.Kg5 Kf7 48.Kh6 Kg8 49.a4 Kh8
50.b4 Kg8 51.a5 Kh8 52.h4 Kg8 53.c3 Kh8 54.c4 Kg8 55.h5 gxh5 56.Kxh5 Kg7
57.Kg5 h6+ 58.Kf4 Kf7 59.Ke5 Ke7 60.b5 cxb5 61.cxb5 b6 62.a6 Kf7 63.Kd6 Kf6
64.Kc7 Ke7  1/2-1/2

[Event "1st Chess Week"]
[Site "Winterthur SUI"]
[Date "2001.10.13"]
[Round "9"]
[White "Filipovic,Br"]
[Black "Milov,V"]
[Result "0-1"]
[WhiteElo "2462"]
[BlackElo "2602"]

1.e4 c5 2.c3 d6 3.d4 Nf6 4.Bd3 cxd4 5.cxd4 g6 6.Nc3 Bg7 7.e5 dxe5 8.dxe5 Nfd7
9.f4 Nc5 10.Bb5+ Bd7 11.Be3 Ne6 12.Nf3 O-O 13.Bxd7 Nxd7 14.O-O Ndc5 15.Qe1 Nd3
16.Qd2 Nb4 17.Qf2 Qa5 18.Rad1 Rfd8 19.Nd4 Nxd4 20.Bxd4 Qa6 21.Ne4 Nc6 22.Bc3 Qxa2
23.Rde1 b5 24.Qc5 Qd5 25.Qe3 b4 26.Bd2 Qd4 27.Rc1 Na5 28.Rf2 Nc4 29.Qf3 Nxd2
30.Nxd2 Rac8 31.Rxc8 Rxc8 32.Nb3 Qb6 33.Qd5 e6 34.Qd4 Qxd4 35.Nxd4 Bf8 36.Rc2 Rxc2
37.Nxc2 b3 38.Na1 Ba3 39.Nxb3 Bxb2 40.Kf2 g5 41.fxg5 Bxe5 42.h3 Kg7 43.Kf3 Bd6
44.Nd2 a5  0-1

[Event "EuTCh"]
[Site "Leon ESP"]
[Date "2001.11.06"]
[Round "1"]
[White "Arduman,C"]
[Black "Milov,V"]
[Result "0-1"]
[WhiteElo "2379"]
[BlackElo "2602"]

1.d4 Nf6 2.c4 e6 3.Nf3 d5 4.Nc3 Bb4 5.Bg5 Nbd7 6.e3 c5 7.cxd5 exd5 8.Bd3 Qa5
9.Qc2 c4 10.Bf5 O-O 11.O-O Re8 12.Nd2 g6 13.Bh3 Bxc3 14.Qxc3 Qxc3 15.bxc3 Ne4
16.Nxe4 Rxe4 17.Rfb1 f5 18.g3 b6 19.Bg2 Bb7 20.Bxe4 fxe4 21.Rb2 Rf8 22.Rf1 Rf5
23.Bd8 Rf3 24.a4 Bc6 25.a5 b5 26.a6 Rf8 27.Ba5 g5 28.Rfb1 Rb8 29.Bc7 Rc8
30.Bd6 Kf7 31.g4 Ke6 32.Bb4 Rh8 33.Kg2 h5 34.gxh5 Rxh5 35.Ba5 Nb8 36.Bd8 Kd6
37.Ra1 g4 38.Bb6 Rh7 39.Bc5+ Ke6 40.Ra5 Be8 41.Ba3 Bc6 42.Bc5 Rc7 43.Ra1 Nd7
44.Bb4 Nf6 45.Bf8 Nd7 46.Bb4 Rc8 47.Rh1 Rg8 48.Kf1 Rh8 49.Rg1 Kf5 50.Kg2 Nb6
51.Rh1 Na4 52.Rc2 Rh3 53.Bd6 Bd7 54.Bb8 Rh8 55.Bf4 Kg6 56.Rb1 Rf8 57.Be5 Kf7
58.Rg1 Rg8 59.Kh1 Rg6 60.h3 Rxa6 61.hxg4 Rh6+ 62.Bh2 Kg6 63.f3  0-1

[Event "EuTCh"]
[Site "Leon ESP"]
[Date "2001.11.08"]
[Round "3"]
[White "Milov,V"]
[Black "Adams,Mi"]
[Result "1/2-1/2"]
[WhiteElo "2602"]
[BlackElo "2731"]

1.d4 Nf6 2.c4 e6 3.Nc3 Bb4 4.e3 O-O 5.Bd3 d5 6.a3 Bxc3+ 7.bxc3 dxc4 8.Bxc4 c5
9.Nf3 Qc7 10.Ba2 Nbd7 11.O-O b6 12.Qe2 Bb7 13.Bb2 Rfe8 14.Rac1 h6 15.Rfd1 Rac8
16.h3 Bc6 17.Nh2 Qb7 18.f3 cxd4 19.cxd4 Bd5 20.Bb1 b5 21.e4 Rxc1 22.Rxc1 Bc4
23.Qe3 Qb6 24.Kf2 Qb8 25.f4 Nb6 26.Nf3 Nfd7 27.g4 Nf8 28.Rg1 f6 29.h4 Ng6
30.Bc1 e5 31.dxe5 fxe5 32.f5 Nf4 33.Re1 Rd8 34.g5 hxg5 35.hxg5 Bd3 36.Ba2+ Bc4
37.Bb1 Bd3 38.Ba2+  1/2-1/2

[Event "EuTCh"]
[Site "Leon ESP"]
[Date "2001.11.09"]
[Round "4"]
[White "Ivanchuk,V"]
[Black "Milov,V"]
[Result "1/2-1/2"]
[WhiteElo "2731"]
[BlackElo "2602"]

1.d4 Nf6 2.c4 g6 3.Nc3 Bg7 4.e4 d6 5.Nf3 O-O 6.Be2 e5 7.O-O Na6 8.Re1 Qe8
9.Bf1 Bg4 10.d5 Nb4 11.Rb1 a5 12.Bd2 Nh5 13.Nb5 Qe7 14.a3 Bxf3 15.Qxf3 Nc2
16.Re2 c6 17.dxc6 bxc6 18.Rc1 Nd4 19.Nxd4 exd4 20.c5 dxc5 21.e5 Bxe5 22.Rce1 f6
23.g3 Qd7 24.Rc1 Bd6 25.Re6 Kh8 26.Rce1 f5 27.Bg5 Rae8 28.Rxe8 Rxe8 29.Rxe8+ Qxe8
30.Qb3  1/2-1/2

[Event "EuTCh"]
[Site "Leon ESP"]
[Date "2001.11.10"]
[Round "5"]
[White "Milov,V"]
[Black "Beliavsky,A"]
[Result "1/2-1/2"]
[WhiteElo "2602"]
[BlackElo "2668"]

1.d4 Nf6 2.c4 e6 3.Nc3 Bb4 4.e3 c5 5.Ne2 cxd4 6.exd4 O-O 7.a3 Be7 8.Nf4 d6
9.Be3 e5 10.dxe5 dxe5 11.Qxd8 Rxd8 12.Nfd5 Nxd5 13.Nxd5 Nc6 14.O-O-O Bf8
15.Bd3 Rb8 16.b4 Be6 17.Kb2 Rbc8 18.f4 exf4 19.Bxf4 g6 20.Be4 Bg7+ 21.Kb1 f5
22.Bf3 Kf7 23.Bg5 Re8 24.Nf4 Bxc4 25.Rd7+ Kf8 26.Rxb7 Ne5 27.Re1 Nxf3 28.Rxe8+ Rxe8
29.gxf3 Bf7 30.Nd3 Bd5 31.Rxa7 Bxf3 32.Rd7 h6 33.Bd8 g5 34.b5 Re2 35.b6 Be4
36.Kc1 Rxh2 37.b7 Bxb7 38.Rxb7 f4 39.Bb6 Kg8 40.a4 Ra2 41.a5 f3 42.Rc7  1/2-1/2

[Event "EuTCh"]
[Site "Leon ESP"]
[Date "2001.11.14"]
[Round "8"]
[White "Milov,V"]
[Black "Ftacnik,L"]
[Result "1/2-1/2"]
[WhiteElo "2602"]
[BlackElo "2566"]

1.d4 Nf6 2.c4 g6 3.Nc3 d5 4.cxd5 Nxd5 5.e4 Nxc3 6.bxc3 Bg7 7.Qa4+ Qd7 8.Qxd7+ Nxd7
9.Be3 e5 10.Nf3 O-O 11.Rb1 c6 12.Bd3 Re8 13.O-O exd4 14.cxd4 Nf6 15.e5 Nd5
16.Bc4 h6 17.Rfc1 Nb6 18.Bb3 Bf5 19.Ra1 Rad8 20.a4 Nd5 21.a5 a6 22.Bc2 Bxc2
23.Rxc2 Nc7 24.Nd2 Nb5 25.Nb3 Rd5 26.f4 Bf8 27.Kf2 h5 28.Ra4 Nc7 29.Nc5 Bxc5
30.Rxc5 Red8 31.h3 Rxc5 32.dxc5 Rd3 33.Rd4 Rxd4 34.Bxd4 Nd5 35.Kf3 Kf8 36.Ke4 Ne7
37.Bf2 Ke8 38.g4 hxg4 39.hxg4 Kd7 40.f5 gxf5+ 41.gxf5 Nd5 42.Kf3 Ke7 43.Kg4 Ke8
44.Kg5 Ke7 45.Kh6 Kf8 46.Bd4 Ne7 47.Kg5 Nd5 48.Bb2 Ke7 49.Kh6 Kf8 50.Bc1 Ne7
51.Kg5 Nd5 52.Bd2 Ke8 53.Kg4 Kd7 54.Kf3 Ke8 55.Ke4 Nc7 56.Kd4 Nb5+ 57.Kd3 Kd7
58.Ke4 Ke7 59.Be1 Ke8 60.e6 fxe6 61.f6 Kf7 62.Ke5 Na3 63.Kd6 Kxf6 64.Bh4+ Kf5
65.Kc7 Nc4 66.Be1  1/2-1/2